Statistics for Famous Switzerland Players (2015/2016)

Click here to take the quiz!

General Stats

  • This quiz has been taken 37 times
    (23 since last reset)
  • The average score is 26 of 37

Answer Stats

HintAnswer% Correct
GranitXhaka
100%
XherdanShaqiri
95%
GelsonFernandes
90%
GökhanInler
90%
YannSommer
90%
ValonBehrami
86%
RomanBürki
86%
JosipDrmic
86%
Breel DonaldEmbolo
86%
StephanLichtsteiner
86%
HarisSeferovic
86%
BlerimDzemaili
81%
TimmKlose
81%
AdmirMehmedi
81%
YvonMvogo
81%
RicardoRodriguez
81%
JohanDjourou
76%
MarwinHitz
76%
FabianSchär
76%
ValentinStocker
76%
MichaelLang
71%
DenisZakaria
71%
StevenZuber
71%
NicoElvedi
67%
RemoFreuler
67%
ErenDerdiyok
62%
FabianFrei
62%
PajtimKasami
62%
RenatoSteffen
62%
Jacques FrançoisMoubandje
52%
PirminSchwegler
52%
SteveVon Bergen
52%
SilvanWidmer
52%
MarioGavranovic
38%
LucaZuffi
38%
LéoLacroix
29%
ShaniTarashaj
29%

Score Distribution

Percentile by Number Answered

Percent of People with Each Score

Your Score History

You have not taken this quiz since the last reset